[Event "II. CLANSKA LIGA ZAHOD 2025"]
[Site "Komenda"]
[Date "2025.11.14"]
[Round "1.1"]
[White "Kerma, Simon"]
[Black "Skrbec, Leon"]
[Result "0-1"]
[WhiteElo "2075"]
[BlackElo "2276"]
[PlyCount "72"]
[EventDate "2025.11.14"]
[WhiteTeam "SK VAL KOPER"]
[BlackTeam "SK POSTOJNA"]

1. Nf3 Nf6 2. g3 d5 3. Bg2 c6 4. O-O Bf5 5. d3 h6 6. c4 e6 7. Qb3 Qc8 8. Bf4
Be7 9. Nc3 O-O 10. Rac1 Bh7 11. cxd5 exd5 12. Ne5 g5 13. Bd2 Qc7 14. f4 Qb6+
15. Qxb6 axb6 16. fxg5 hxg5 17. Bxg5 Bc5+ 18. Kh1 Nfd7 19. Nxd7 Nxd7 20. Bh3
Ne5 21. a3 f5 22. Bh6 Rf7 23. e4 Nxd3 24. exd5 Nxc1 25. Rxc1 Re8 26. Bg2 Rfe7
27. h4 Re1+ 28. Rxe1 Rxe1+ 29. Kh2 Bg1+ 30. Kh3 Be3 31. dxc6 bxc6 32. Bxe3 Rxe3
33. Bxc6 f4 34. Kg4 fxg3 35. Nd5 g2 36. Nf6+ Kf7 0-1

[Event "II. CLANSKA LIGA ZAHOD 2025"]
[Site "Komenda"]
[Date "2025.11.14"]
[Round "1.1"]
[White "Hrescak, Ivana"]
[Black "Starc, Enej"]
[Result "1-0"]
[WhiteElo "2120"]
[BlackElo "1961"]
[PlyCount "99"]
[EventDate "2025.11.14"]
[WhiteTeam "SK POSTOJNA"]
[BlackTeam "SK VAL KOPER"]

1. d4 d5 2. c4 c6 3. Nc3 Nf6 4. Nf3 e6 5. Bg5 h6 6. Bh4 Be7 7. e3 Nbd7 8. Rc1
Nh5 9. Bxe7 Qxe7 10. Be2 Nhf6 11. O-O Qd6 12. Nd2 dxc4 13. Nxc4 Qe7 14. e4 Nb6
15. e5 Nfd5 16. Nd6+ Kf8 17. Qd2 f5 18. Nxd5 Nxd5 19. Bc4 Nc7 20. Qa5 b6 21.
Nxc8 bxa5 22. Nxe7 Kxe7 23. Bb3 Kd7 24. Rc5 Rhc8 25. Rxa5 Nd5 26. Rd1 Rc7 27.
Rc5 Rb8 28. Rd2 Rb4 29. Kf1 Rcb7 30. Bxd5 cxd5 31. b3 Rc7 32. Rxc7+ Kxc7 33.
Ke2 a5 34. Kd3 Kd7 35. Kc3 Rb8 36. Rd3 g5 37. Rh3 Rh8 38. Kb2 Kc6 39. Ka3 a4
40. Rc3+ Kb6 41. b4 h5 42. Kxa4 h4 43. Kb3 g4 44. a4 f4 45. a5+ Kb7 46. Ka4 g3
47. hxg3 hxg3 48. fxg3 Rh2 49. gxf4 Rxg2 50. Kb5 1-0

[Event "II. CLANSKA LIGA ZAHOD 2025"]
[Site "Komenda"]
[Date "2025.11.14"]
[Round "1.1"]
[White "Ivanovic, Andrej"]
[Black "Cepon, Dusan"]
[Result "1/2-1/2"]
[WhiteElo "2016"]
[BlackElo "2012"]
[PlyCount "117"]
[EventDate "2025.11.14"]
[WhiteTeam "SK VAL KOPER"]
[BlackTeam "SK POSTOJNA"]

1. d4 Nf6 2. c4 e6 3. Nc3 d5 4. cxd5 exd5 5. Bg5 Be7 6. e3 O-O 7. Qc2 h6 8. Bh4
c6 9. Bd3 Nbd7 10. f3 c5 11. Nge2 c4 12. Bf5 Nb6 13. O-O Re8 14. Bxc8 Rxc8 15.
Rae1 Qd7 16. Bf2 Bb4 17. Ng3 a6 18. h3 Na8 19. e4 Nc7 20. e5 Nh7 21. f4 b5 22.
f5 Rb8 23. Qd1 Qd8 24. f6 g6 25. Qg4 Re6 26. Be3 Bf8 27. Nce2 Nxf6 28. Rxf6
Rxf6 29. exf6 Rb6 30. Bf4 Rxf6 31. Be5 Rc6 32. Nf4 Qg5 33. Qxg5 hxg5 34. Bxc7
gxf4 35. Bxf4 f6 36. Rc1 b4 37. Bd2 Bd6 38. Ne2 g5 39. h4 gxh4 40. Nf4 c3 41.
bxc3 bxc3 42. Rxc3 Rxc3 43. Bxc3 Bxf4 44. Kf2 Kf7 45. Kf3 Bg3 46. Bd2 Kg6 47.
Bb4 f5 48. a4 Bc7 49. Be1 Kh5 50. Bf2 Kg5 51. Be3+ f4 52. Bd2 Kf5 53. Bc3 Bb6
54. Bb2 Ba5 55. Ba3 Bd2 56. Bc5 Be3 57. Ba7 Bd2 58. Bb8 Bc1 59. Bc7 1/2-1/2

[Event "II. CLANSKA LIGA ZAHOD 2025"]
[Site "Komenda"]
[Date "2025.11.14"]
[Round "1.1"]
[White "Pridigar, Lovro"]
[Black "Savli, Marko"]
[Result "1-0"]
[WhiteElo "1974"]
[BlackElo "1800"]
[PlyCount "39"]
[EventDate "2025.11.14"]
[WhiteTeam "SK POSTOJNA"]
[BlackTeam "SK VAL KOPER"]

1. d4 Nf6 2. Bg5 e6 3. Nd2 Be7 4. Ngf3 d5 5. e3 Nbd7 6. Bd3 c5 7. c3 b6 8. O-O
Bb7 9. Ne5 Qc7 10. f4 c4 11. Bc2 b5 12. Qf3 O-O-O 13. Nxf7 Rhg8 14. Nxd8 Qxd8
15. Qh3 h6 16. Bxf6 Bxf6 17. Qxe6 Re8 18. Qh3 Qe7 19. Rae1 Bc6 20. Nf3 1-0

[Event "II. CLANSKA LIGA ZAHOD 2025"]
[Site "Komenda"]
[Date "2025.11.14"]
[Round "1.1"]
[White "Cepin, Nik"]
[Black "Markovcic, Gregor"]
[Result "1-0"]
[WhiteElo "1719"]
[BlackElo "1730"]
[PlyCount "51"]
[EventDate "2025.11.14"]
[WhiteTeam "SK VAL KOPER"]
[BlackTeam "SK POSTOJNA"]

1. e4 c5 2. Nf3 Nc6 3. Bb5 g6 4. O-O Bg7 5. c3 d6 6. d4 cxd4 7. cxd4 Bd7 8. Nc3
a6 9. Bc4 Nf6 10. e5 dxe5 11. dxe5 Ng4 12. Bxf7+ Kxf7 13. Ng5+ Kf8 14. e6 Nf6
15. exd7 Qxd7 16. Qb3 e5 17. Ne6+ Ke8 18. Be3 Bf8 19. Rad1 Qf7 20. f4 exf4 21.
Bxf4 Rc8 22. Bg5 Be7 23. Ne4 Na5 24. Qa4+ b5 25. Qxa5 Qxe6 26. Nxf6+ 1-0

[Event "II. CLANSKA LIGA ZAHOD 2025"]
[Site "Komenda"]
[Date "2025.11.14"]
[Round "1.1"]
[White "Usaj, Benjamin"]
[Black "Cepin, Drago"]
[Result "1/2-1/2"]
[WhiteElo "1691"]
[BlackElo "1710"]
[PlyCount "60"]
[EventDate "2025.11.14"]
[WhiteTeam "SK POSTOJNA"]
[BlackTeam "SK VAL KOPER"]

1. e4 d5 2. exd5 Qxd5 3. d4 Nc6 4. Be3 Nf6 5. c4 Qa5+ 6. Nc3 Bg4 7. Be2 Bxe2 8.
Ngxe2 e6 9. a3 Ne4 10. O-O Nxc3 11. Nxc3 Qf5 12. b4 Bd6 13. Qe2 O-O 14. Rfd1
Rad8 15. Qd3 Qh5 16. g3 f5 17. Qe2 Qg6 18. f4 h5 19. Qg2 Be7 20. Rd2 Bf6 21.
Rad1 Rf7 22. Ne2 Re7 23. Kf2 Rde8 24. Ng1 h4 25. Nf3 hxg3+ 26. hxg3 Rd7 27. Ne5
Bxe5 28. dxe5 Rxd2+ 29. Rxd2 Qf7 30. Bc5 Rd8 1/2-1/2

[Event "II. CLANSKA LIGA ZAHOD 2025"]
[Site "Komenda"]
[Date "2025.11.14"]
[Round "1.2"]
[White "Demsar, Maks"]
[Black "Sajn, Simon"]
[Result "1/2-1/2"]
[WhiteElo "2116"]
[BlackElo "2084"]
[PlyCount "69"]
[EventDate "2025.11.14"]
[WhiteTeam "DRUSTVO TOMO ZUPAN"]
[BlackTeam "SK RIMEX ILIRSKA BISTRICA"]

1. e4 c5 2. Nf3 Nc6 3. d4 cxd4 4. Nxd4 Nf6 5. Nc3 g6 6. Nxc6 dxc6 7. Qxd8+ Kxd8
8. Bc4 Ke8 9. a4 e5 10. Bg5 Nd7 11. O-O-O f6 12. Be3 Bc5 13. Rhe1 h5 14. Bxc5
Nxc5 15. Rd6 Ke7 16. Red1 Ne6 17. Bxe6 Bxe6 18. a5 Rad8 19. Rxd8 Rxd8 20. Rxd8
Kxd8 21. h4 b6 22. axb6 axb6 23. Kd2 Kc7 24. Ke3 Kd6 25. g3 Kc5 26. f4 b5 27.
Nd1 b4 28. Nf2 Kd6 29. fxe5+ fxe5 30. Nd3 c5 31. c3 bxc3 32. bxc3 Bd7 33. Ne1
Bg4 34. Nd3 Bd7 35. Ne1 1/2-1/2

[Event "II. CLANSKA LIGA ZAHOD 2025"]
[Site "Komenda"]
[Date "2025.11.14"]
[Round "1.2"]
[White "Kekic, Urban"]
[Black "Rozman, Mitja"]
[Result "1-0"]
[WhiteElo "2060"]
[BlackElo "1983"]
[PlyCount "85"]
[EventDate "2025.11.14"]
[WhiteTeam "SK RIMEX ILIRSKA BISTRICA"]
[BlackTeam "DRUSTVO TOMO ZUPAN"]

1. d4 Nf6 2. c4 g6 3. Nc3 Bg7 4. e4 d6 5. Nf3 O-O 6. Be2 c6 7. Be3 e5 8. d5 Na6
9. O-O c5 10. Ne1 Nc7 11. f4 exf4 12. Bxf4 a6 13. a4 b6 14. Nd3 h5 15. Bg5 Nce8
16. Qe1 b5 17. axb5 Qb6 18. Qh4 Bg4 19. Bxg4 Nxg4 20. Be7 Bd4+ 21. Kh1 Ne3 22.
Rfc1 Nxc4 23. Bxf8 Kxf8 24. Qe1 Ra7 25. Qd1 Na5 26. Rcb1 axb5 27. Ne2 Bg7 28.
Qc2 Re7 29. Rf1 Nc4 30. Rf3 Rxe4 31. Ndf4 Nf6 32. Nxg6+ fxg6 33. Qxe4 Ne5 34.
Rff1 Qb7 35. Qh4 Kg8 36. Rxf6 Qe7 37. Rf4 g5 38. Ra8+ Kh7 39. Qxh5+ Bh6 40. Rf1
g4 41. Ng3 Nf7 42. Qf5+ Kg7 43. Nh5# 1-0

[Event "II. CLANSKA LIGA ZAHOD 2025"]
[Site "Komenda"]
[Date "2025.11.14"]
[Round "1.2"]
[White "Bobnar, Samo"]
[Black "Solmajer, Luka"]
[Result "1/2-1/2"]
[WhiteElo "1929"]
[BlackElo "2004"]
[PlyCount "149"]
[EventDate "2025.11.14"]
[WhiteTeam "DRUSTVO TOMO ZUPAN"]
[BlackTeam "SK RIMEX ILIRSKA BISTRICA"]

1. e4 e6 2. d4 d5 3. exd5 exd5 4. Bd3 Bd6 5. Ne2 h6 6. Bf4 Nf6 7. c3 O-O 8. O-O
Bg4 9. f3 Be6 10. Re1 Nh5 11. Bxd6 Qxd6 12. Qd2 f5 13. Na3 c6 14. c4 Rf6 15.
cxd5 Bxd5 16. Nc4 Qc7 17. Ne5 g5 18. Rac1 Nd7 19. Nc3 Nb6 20. Nxd5 Nxd5 21. Qc2
Raf8 22. Qb3 Rd8 23. Bc4 Rfd6 24. Bxd5+ Rxd5 25. Ng6 R8d7 26. Qe3 Kg7 27. Ne7
Rb5 28. Qe6 Nf6 29. Nxf5+ Kg6 30. Rc5 Qf4 31. h4 Rxc5 32. dxc5 gxh4 33. Nd6
Qd4+ 34. Kh1 Qxc5 35. Qxf6+ Kxf6 36. Ne4+ Kf5 37. Nxc5 Rd2 38. Nxb7 h3 39. g3
Rxb2 40. Nd6+ Kg5 41. a4 Rb3 42. Ne4+ Kf5 43. Nd2 Rb2 44. Re2 c5 45. Kh2 c4 46.
Kxh3 c3 47. g4+ Kg6 48. Re6+ Kf7 49. Rxh6 cxd2 50. Rd6 Ke7 51. Rd4 Kf6 52. f4
a5 53. Kh4 Rb4 54. Rd6+ Ke7 55. Rxd2 Rxf4 56. Kh5 Rxa4 57. Rf2 Ra1 58. Kg6 Rc1
59. g5 Kd6 60. Kg7 Kc5 61. g6 a4 62. Rf7 Rg1 63. Rb7 a3 64. Ra7 Kb4 65. Kf6
Rf1+ 66. Ke5 Rg1 67. g7 Kb3 68. Kd4 a2 69. Rb7+ Kc2 70. Ra7 Kb2 71. Rb7+ Ka3
72. Ra7+ Kb2 73. Rb7+ Kc2 74. Ra7 Rxg7 75. Rxa2+ 1/2-1/2

[Event "II. CLANSKA LIGA ZAHOD 2025"]
[Site "Komenda"]
[Date "2025.11.14"]
[Round "1.2"]
[White "Bradac, Simon"]
[Black "Bobnar, Vid"]
[Result "1-0"]
[WhiteElo "1920"]
[BlackElo "1714"]
[PlyCount "63"]
[EventDate "2025.11.14"]
[WhiteTeam "SK RIMEX ILIRSKA BISTRICA"]
[BlackTeam "DRUSTVO TOMO ZUPAN"]

1. c4 Nf6 2. Nf3 e6 3. Nc3 d5 4. d4 Bb4 5. e3 Nbd7 6. Bd2 O-O 7. Qc2 b6 8. cxd5
exd5 9. a3 Bxc3 10. Bxc3 Ne4 11. Bd3 Ndf6 12. Ne5 c5 13. f3 Nxc3 14. bxc3 c4
15. Be2 Nd7 16. f4 Re8 17. Bf3 Nxe5 18. dxe5 Be6 19. O-O Qc8 20. e4 Qc5+ 21.
Kh1 dxe4 22. Bxe4 Rad8 23. Bxh7+ Kf8 24. f5 Bc8 25. e6 Bb7 26. exf7 Re7 27. f6
gxf6 28. Qg6 Bxg2+ 29. Qxg2 Qd5 30. Qxd5 Rxd5 31. Bg8 Re2 32. Rfe1 1-0

[Event "II. CLANSKA LIGA ZAHOD 2025"]
[Site "Komenda"]
[Date "2025.11.14"]
[Round "1.3"]
[White "Markoja Jeraj, Sebastijan"]
[Black "Bratovic, Blaz"]
[Result "0-1"]
[WhiteElo "2212"]
[BlackElo "2292"]
[PlyCount "94"]
[EventDate "2025.11.14"]
[WhiteTeam "SK DOL PRI LJUBLJANI"]
[BlackTeam "SD GORENJKA LESCE"]

1. e4 c5 2. Nf3 Nc6 3. d4 cxd4 4. Nxd4 Nf6 5. Nc3 d6 6. Bg5 e6 7. f4 Qb6 8. Nb3
Qe3+ 9. Qe2 Qxe2+ 10. Bxe2 a6 11. O-O-O b5 12. Bf3 Bb7 13. Rhe1 Nd7 14. Kb1 Rc8
15. Rd2 Nb6 16. Rf2 Nc4 17. f5 Be7 18. Bc1 N4e5 19. Ne2 Bh4 20. Ng3 O-O 21. Bf4
Bd8 22. Rd1 Bb6 23. Re2 Rfd8 24. c3 b4 25. cxb4 Nxb4 26. fxe6 fxe6 27. Be3 Bxe3
28. Rxe3 Nbc6 29. Be2 g6 30. Rc3 Kf8 31. a3 Ke7 32. Kc2 h5 33. Nd4 Nb8 34. Bf3
h4 35. Nf1 Nbd7 36. b4 Nf6 37. Nd2 h3 38. Re1 Rxc3+ 39. Kxc3 Rc8+ 40. Kb2 Rf8
41. Re3 hxg2 42. Bxg2 Nfg4 43. Re2 Nxh2 44. Bh3 Nhf3 45. N2xf3 Nxf3 46. Nxe6
Re8 47. Bg4 Ne5 0-1

[Event "II. CLANSKA LIGA ZAHOD 2025"]
[Site "Komenda"]
[Date "2025.11.14"]
[Round "1.3"]
[White "Mencinger, Vojko"]
[Black "Kampus, Andrej"]
[Result "1-0"]
[WhiteElo "2259"]
[BlackElo "2066"]
[PlyCount "57"]
[EventDate "2025.11.14"]
[WhiteTeam "SD GORENJKA LESCE"]
[BlackTeam "SK DOL PRI LJUBLJANI"]

1. e4 d5 2. exd5 Nf6 3. d4 Bg4 4. f3 Bf5 5. Bb5+ Nbd7 6. c4 a6 7. Bxd7+ Qxd7 8.
Nc3 e6 9. g4 Bg6 10. dxe6 fxe6 11. Nge2 O-O-O 12. Bf4 Bd6 13. O-O Bxf4 14. Nxf4
Bf7 15. Nfe2 e5 16. d5 e4 17. Nd4 e3 18. Qd3 c6 19. Qxe3 cxd5 20. c5 Kb8 21. c6
bxc6 22. Na4 Qb7 23. Rac1 Rd6 24. Rc3 Re8 25. Qf4 Qc7 26. Rfc1 Rc8 27. Rb3+ Ka7
28. Nf5 Re6 29. Qd4+ 1-0

[Event "II. CLANSKA LIGA ZAHOD 2025"]
[Site "Komenda"]
[Date "2025.11.14"]
[Round "1.3"]
[White "Arlic, Nejc"]
[Black "Kelbl, Jakob"]
[Result "1/2-1/2"]
[WhiteElo "1838"]
[BlackElo "1995"]
[PlyCount "67"]
[EventDate "2025.11.14"]
[WhiteTeam "SK DOL PRI LJUBLJANI"]
[BlackTeam "SD GORENJKA LESCE"]

1. e4 c5 2. c3 d5 3. exd5 Qxd5 4. d4 Nc6 5. Nf3 Nf6 6. Na3 Bg4 7. Be2 O-O-O 8.
h3 Bxf3 9. Bxf3 Qe6+ 10. Be3 Nd5 11. Bxd5 Qxd5 12. O-O cxd4 13. cxd4 e6 14. Qa4
Bxa3 15. bxa3 Kb8 16. Rab1 Nxd4 17. Rfd1 e5 18. Bxd4 exd4 19. Rb4 d3 20. Rb3 f6
21. Qf4+ Ka8 22. Qd2 Kb8 23. Rxd3 Qxd3 24. Qxd3 Rxd3 25. Rxd3 Kc7 26. Rg3 g6
27. Rf3 Rf8 28. g4 Kd7 29. g5 Ke6 30. Kg2 Rf7 31. h4 f5 32. Rb3 Rd7 33. Kg3 b6
34. Rc3 1/2-1/2

[Event "II. CLANSKA LIGA ZAHOD 2025"]
[Site "Komenda"]
[Date "2025.11.14"]
[Round "1.3"]
[White "Petek, Pavel"]
[Black "Azinovic, Igor"]
[Result "1-0"]
[WhiteElo "2100"]
[BlackElo "1787"]
[PlyCount "97"]
[EventDate "2025.11.14"]
[WhiteTeam "SD GORENJKA LESCE"]
[BlackTeam "SK DOL PRI LJUBLJANI"]

1. c4 c5 2. Nc3 Nf6 3. g3 d5 4. cxd5 Nxd5 5. Bg2 Nc7 6. Nf3 Nc6 7. O-O e5 8. d3
Be7 9. b3 O-O 10. Bb2 Bg4 11. Rc1 Qd7 12. Ne4 Bxf3 13. Bxf3 b6 14. Bg2 Rad8 15.
a3 f5 16. Nc3 Bg5 17. e3 Ne7 18. Qh5 Bf6 19. Rfd1 Qe6 20. b4 Na6 21. Bb7 Nc7
22. bxc5 bxc5 23. Bg2 g6 24. Qe2 Qa6 25. Qc2 Ne6 26. Qa4 Qb6 27. Ba1 a6 28. Qc4
Kg7 29. Na4 Qd6 30. Nxc5 Nxc5 31. Qxc5 Qxc5 32. Rxc5 e4 33. Bxf6+ Rxf6 34. d4
Nd5 35. Rb1 g5 36. Bf1 f4 37. Bc4 Nb6 38. Rxg5+ Kh6 39. Rc5 fxe3 40. fxe3 Nxc4
41. Rxc4 Rdd6 42. Rf1 Kg5 43. Rc5+ Kg4 44. Rxf6 Rxf6 45. Kg2 Rf5 46. h3+ Kg5
47. Rxf5+ Kxf5 48. g4+ Kg5 49. Kg3 1-0

[Event "II. CLANSKA LIGA ZAHOD 2025"]
[Site "Komenda"]
[Date "2025.11.14"]
[Round "1.3"]
[White "Repe, Jure"]
[Black "Pavlin, Damijan"]
[Result "0-1"]
[WhiteElo "1763"]
[BlackElo "1963"]
[PlyCount "48"]
[EventDate "2025.11.14"]
[WhiteTeam "SK DOL PRI LJUBLJANI"]
[BlackTeam "SD GORENJKA LESCE"]

1. d4 Nf6 2. Nf3 e6 3. c4 c5 4. d5 b5 5. dxe6 fxe6 6. cxb5 d5 7. Bg5 Bd6 8. e3
O-O 9. Be2 Qc7 10. Nc3 Nbd7 11. Bxf6 Nxf6 12. h3 Bb7 13. O-O Rae8 14. Rc1 Kh8
15. Qc2 Qe7 16. Nh2 e5 17. Ng4 e4 18. Rcd1 Nxg4 19. Bxg4 Qe5 20. g3 d4 21. exd4
cxd4 22. f4 exf3 23. Rde1 Qxg3+ 24. Kh1 f2+ 0-1

[Event "II. CLANSKA LIGA ZAHOD 2025"]
[Site "Komenda"]
[Date "2025.11.14"]
[Round "1.3"]
[White "Lanjscek, Miha"]
[Black "Magerl, Zan"]
[Result "1/2-1/2"]
[WhiteElo "1842"]
[BlackElo "1682"]
[PlyCount "66"]
[EventDate "2025.11.14"]
[WhiteTeam "SD GORENJKA LESCE"]
[BlackTeam "SK DOL PRI LJUBLJANI"]

1. d4 d5 2. c4 e6 3. Nc3 Nf6 4. cxd5 exd5 5. Bg5 Be7 6. Qc2 h6 7. Bxf6 Bxf6 8.
Nf3 c6 9. e3 Be6 10. Bd3 Nd7 11. O-O O-O 12. Bf5 Qe8 13. b4 Nb6 14. Bxe6 Qxe6
15. Na4 Be7 16. Nc5 Bxc5 17. bxc5 Nc4 18. Nd2 Nxd2 19. Qxd2 b6 20. a4 bxc5 21.
dxc5 Qe4 22. Qa5 Rfb8 23. Qc7 Qg6 24. Ra2 Rb1 25. Re2 Rab8 26. g3 Rxf1+ 27.
Kxf1 Rb1+ 28. Kg2 Qe4+ 29. f3 Qd3 30. Rf2 Qd1 31. Qc8+ Kh7 32. Qf5+ Kg8 33.
Qc8+ Kh7 1/2-1/2

[Event "II. CLANSKA LIGA ZAHOD 2025"]
[Site "Komenda"]
[Date "2025.11.14"]
[Round "1.4"]
[White "Rodman, Franc"]
[Black "Kobal, Peter"]
[Result "1-0"]
[WhiteElo "1978"]
[BlackElo "1894"]
[PlyCount "103"]
[EventDate "2025.11.14"]
[WhiteTeam "SD JESENICE"]
[BlackTeam "SD VRHNIKA"]

1. d4 Nf6 2. Nf3 g6 3. c4 Bg7 4. Nc3 d5 5. cxd5 Nxd5 6. Bd2 c5 7. e4 Nxc3 8.
Bxc3 O-O 9. Be2 Bg4 10. d5 Nd7 11. O-O Nf6 12. Ne5 Bxe2 13. Qxe2 Nd7 14. Nxd7
Qxd7 15. Bxg7 Kxg7 16. Qc4 Rac8 17. Rad1 f6 18. Rd2 b5 19. Qc3 Rfd8 20. e5 Qf5
21. f4 Rd7 22. Qe3 c4 23. h3 h5 24. d6 e6 25. Qc3 Rf8 26. Re2 a6 27. Rf3 Qb1+
28. Kh2 f5 29. Qa5 Ra7 30. Qb6 Rff7 31. a4 Qd1 32. Ree3 Rfb7 33. Qd8 Rf7 34.
Rg3 Kh7 35. Qe8 Qd5 36. Rg5 h4 37. axb5 axb5 38. Re2 Rg7 39. g3 Qd1 40. Rg2
hxg3+ 41. R5xg3 Ra1 42. Re3 Qf1 43. Kg3 Re1 44. Rf3 Qh1 45. d7 Rg1 46. Rff2
Rxg2+ 47. Rxg2 Qe1+ 48. Kh2 Qe3 49. d8=Q Qxf4+ 50. Kg1 Qc1+ 51. Kf2 Qf4+ 52.
Ke1 1-0

[Event "II. CLANSKA LIGA ZAHOD 2025"]
[Site "Komenda"]
[Date "2025.11.14"]
[Round "1.4"]
[White "Gorsic, Jure"]
[Black "Jeraj, Zlatko"]
[Result "1-0"]
[WhiteElo "1867"]
[BlackElo "2001"]
[PlyCount "39"]
[EventDate "2025.11.14"]
[WhiteTeam "SD VRHNIKA"]
[BlackTeam "SD JESENICE"]

1. d4 d5 2. Nf3 Nf6 3. Bf4 c5 4. e3 Nc6 5. c3 Bg4 6. h3 Bxf3 7. Qxf3 Qb6 8. b3
e6 9. Qd1 Be7 10. Bd3 O-O 11. O-O Rac8 12. Nd2 cxd4 13. cxd4 h6 14. Rc1 Ba3 15.
Qf3 Bxc1 16. Bxh6 Bxd2 17. Bxg7 Kxg7 18. Qg3+ Kh6 19. Qf4+ Kh5 20. Qxf6 1-0

[Event "II. CLANSKA LIGA ZAHOD 2025"]
[Site "Komenda"]
[Date "2025.11.14"]
[Round "1.4"]
[White "Pazlar, Marko"]
[Black "Praznik, Nikolaj"]
[Result "1-0"]
[WhiteElo "1977"]
[BlackElo "1463"]
[PlyCount "119"]
[EventDate "2025.11.14"]
[WhiteTeam "SD JESENICE"]
[BlackTeam "SD VRHNIKA"]

1. Nf3 d5 2. d4 Nf6 3. g3 Bf5 4. Bg2 e6 5. O-O Bd6 6. c4 c5 7. Nc3 O-O 8. cxd5
Nxd5 9. Nxd5 exd5 10. b3 Nc6 11. Bb2 Be6 12. Qd2 Qb6 13. Rac1 cxd4 14. Nxd4
Nxd4 15. Bxd4 Qb4 16. Bc3 Qb5 17. Bb2 Rfd8 18. Rfd1 Bc5 19. Qg5 Bf8 20. Rd2 h6
21. Qe5 Rd7 22. Rcd1 Rad8 23. Bf3 Qc6 24. Kg2 Qd6 25. Qxd6 Rxd6 26. Ba3 R6d7
27. Bxf8 Kxf8 28. e3 Ke7 29. Rd4 Rd6 30. R1d2 f5 31. h4 g6 32. b4 h5 33. Bd1
Rc8 34. Bb3 Rcd8 35. Kf3 R6d7 36. Kf4 Kf6 37. Rc2 Rd6 38. a3 R6d7 39. Rc5 Rd6
40. Rc1 R6d7 41. a4 Rd6 42. a5 R6d7 43. Ba4 Rd6 44. Bb3 R6d7 45. Rc2 Rd6 46.
Rc7 R6d7 47. Rc1 Rd6 48. Rcd1 R6d7 49. f3 Kf7 50. e4 fxe4 51. fxe4 Kf6 52. Bxd5
Rf7 53. Bxe6 Kxe6+ 54. Ke3 Rc8 55. Rd6+ Ke7 56. Rd7+ Ke8 57. Rxf7 Kxf7 58. Rd7+
Ke6 59. Rxb7 Rc3+ 60. Kf4 1-0

[Event "II. CLANSKA LIGA ZAHOD 2025"]
[Site "Komenda"]
[Date "2025.11.14"]
[Round "1.4"]
[White "Sever, Florjan"]
[Black "Ravnik, Franc"]
[Result "1/2-1/2"]
[WhiteElo "1519"]
[BlackElo "1832"]
[PlyCount "127"]
[EventDate "2025.11.14"]
[WhiteTeam "SD VRHNIKA"]
[BlackTeam "SD JESENICE"]

1. e4 c5 2. Nf3 Nc6 3. d4 cxd4 4. Nxd4 Nf6 5. Nc3 e5 6. Nf5 d6 7. Ne3 Be6 8.
Bb5 Be7 9. Ned5 O-O 10. O-O a6 11. Bd3 Rc8 12. Nxe7+ Nxe7 13. Bg5 Ne8 14. Re1
f6 15. Be3 Qd7 16. h3 g6 17. f4 d5 18. exd5 Nxd5 19. Nxd5 Qxd5 20. c4 Qd7 21.
Qe2 Nd6 22. b3 e4 23. Bc2 Qc6 24. Bf2 f5 25. Bd4 Nf7 26. Bf2 h6 27. Rad1 Nd8
28. Bd4 Bf7 29. Be5 b5 30. Rd6 Qc5+ 31. Qf2 Qxf2+ 32. Kxf2 bxc4 33. Red1 Nb7
34. Rxa6 Nc5 35. Rb6 cxb3 36. Bxb3 Bxb3 37. Rxg6+ Kf7 38. Rg7+ Ke8 39. axb3
Nd3+ 40. Kf1 Rf7 41. Rxf7 Kxf7 42. Ke2 Ke6 43. Ra1 Nxe5 44. fxe5 Kxe5 45. Ra5+
Kf6 46. h4 f4 47. Ra6+ Kf5 48. Rxh6 Rc2+ 49. Kf1 e3 50. Rh8 Rf2+ 51. Kg1 Rb2
52. Kf1 Rxb3 53. Rg8 Rb6 54. Rg5+ Ke4 55. Rg8 Rh6 56. Re8+ Kf5 57. h5 Rxh5 58.
Ra8 Ke4 59. Ke2 Rd5 60. Re8+ Re5 61. Rb8 Rd5 62. Rb4+ Rd4 63. Rb2 Rc4 64. Ra2
1/2-1/2

[Event "II. CLANSKA LIGA ZAHOD 2025"]
[Site "Komenda"]
[Date "2025.11.14"]
[Round "1.5"]
[White "Prestrl, Jozef"]
[Black "Zirkelbach, Maj"]
[Result "0-1"]
[WhiteElo "1875"]
[BlackElo "2260"]
[PlyCount "58"]
[EventDate "2025.11.14"]
[WhiteTeam "SD RADOVLJICA"]
[BlackTeam "SD KRKA NOVO MESTO"]

1. d4 Nf6 2. Nf3 d5 3. h3 c5 4. e3 Nc6 5. b3 cxd4 6. exd4 Bf5 7. Bd3 Bg6 8. a3
e6 9. O-O Be7 10. Nc3 Rc8 11. Ne2 O-O 12. Bxg6 hxg6 13. Bg5 Ne4 14. Bxe7 Nxe7
15. Qd3 b5 16. Nd2 Nd6 17. Rfc1 Qb6 18. c3 Nef5 19. Ng3 Rc6 20. Nxf5 gxf5 21.
Rc2 Rfc8 22. Rac1 Qa5 23. Nb1 g5 24. f3 f4 25. Kf2 Nf5 26. c4 bxc4 27. bxc4 Qa6
28. Nd2 dxc4 29. Rxc4 Ne3 0-1

[Event "II. CLANSKA LIGA ZAHOD 2025"]
[Site "Komenda"]
[Date "2025.11.14"]
[Round "1.5"]
[White "Zupancic, Jernej"]
[Black "Simnic, Franci"]
[Result "1-0"]
[WhiteElo "2197"]
[BlackElo "1834"]
[PlyCount "85"]
[EventDate "2025.11.14"]
[WhiteTeam "SD KRKA NOVO MESTO"]
[BlackTeam "SD RADOVLJICA"]

1. d4 Nf6 2. Nf3 e6 3. g3 d5 4. Bg2 c5 5. O-O Nc6 6. c4 h6 7. Nc3 Be7 8. Bf4
O-O 9. cxd5 exd5 10. dxc5 Bxc5 11. Rc1 Bd6 12. Nxd5 Bxf4 13. Nxf4 Qb6 14. b3
Rd8 15. Qc2 Nb4 16. Qb2 g5 17. Nd3 Nxd3 18. exd3 Rxd3 19. Ne5 Rd4 20. Nc6 bxc6
21. Rxc6 Qd8 22. Rxf6 Qxf6 23. Bxa8 Ba6 24. Re1 Qd8 25. Bc6 Rd1 26. Qc3 Qd3 27.
Qe5 Qe2 28. Qxe2 Bxe2 29. Rxd1 Bxd1 30. Kf1 Kf8 31. Ke1 Bg4 32. Kd2 Ke7 33. Kc3
Kd6 34. Bg2 Be2 35. Kd4 f5 36. f4 a5 37. a3 Ba6 38. Bd5 Be2 39. Bc4 Bf3 40. Bd3
Bg4 41. b4 axb4 42. axb4 Bf3 43. b5 1-0

[Event "II. CLANSKA LIGA ZAHOD 2025"]
[Site "Komenda"]
[Date "2025.11.14"]
[Round "1.5"]
[White "Torkar, Boris"]
[Black "Zupancic, Urban"]
[Result "1/2-1/2"]
[WhiteElo "1858"]
[BlackElo "2024"]
[PlyCount "53"]
[EventDate "2025.11.14"]
[WhiteTeam "SD RADOVLJICA"]
[BlackTeam "SD KRKA NOVO MESTO"]

1. d4 Nf6 2. c4 g6 3. Nc3 Bg7 4. Nf3 O-O 5. e3 d6 6. Be2 Nbd7 7. O-O e5 8. b3
Re8 9. Bb2 e4 10. Nd2 h5 11. Qc2 Qe7 12. Rac1 c6 13. Rfe1 Nf8 14. Nf1 h4 15. h3
N8h7 16. Nh2 Ng5 17. Bf1 Bf5 18. Kh1 Qd7 19. Ba3 Rad8 20. Rcd1 Nh5 21. Bc1 Bh8
22. Qe2 Nf6 23. Bb2 Bg7 24. Rc1 Kh7 25. Rcd1 Kg8 26. Rc1 Kh7 27. Rcd1 1/2-1/2

[Event "II. CLANSKA LIGA ZAHOD 2025"]
[Site "Komenda"]
[Date "2025.11.14"]
[Round "1.5"]
[White "Rifelj, Luka"]
[Black "Bec, Alojz"]
[Result "1-0"]
[WhiteElo "1985"]
[BlackElo "1865"]
[PlyCount "61"]
[EventDate "2025.11.14"]
[WhiteTeam "SD KRKA NOVO MESTO"]
[BlackTeam "SD RADOVLJICA"]

1. d4 d5 2. c4 Nf6 3. cxd5 Nxd5 4. e4 Nb6 5. a4 a6 6. a5 N6d7 7. Bc4 e6 8. Be3
Bb4+ 9. Nc3 O-O 10. Nf3 c5 11. O-O cxd4 12. Nxd4 Bxa5 13. Bxe6 Bxc3 14. bxc3
Nf6 15. Bxc8 Qxc8 16. Nf5 Kh8 17. Nd6 Qc6 18. e5 Nd5 19. Qb3 h6 20. Bd4 b5 21.
f4 Nd7 22. f5 Nc5 23. Qd1 f6 24. Qh5 fxe5 25. Bxe5 Nf6 26. Nf7+ Kg8 27. Nxh6+
gxh6 28. Qg6+ Kh8 29. Qxh6+ Kg8 30. Qg6+ Kh8 31. Rf4 1-0

[Event "II. CLANSKA LIGA ZAHOD 2025"]
[Site "Komenda"]
[Date "2025.11.14"]
[Round "1.5"]
[White "Blaznik, Vojko"]
[Black "Pauljecovic, Luka"]
[Result "1/2-1/2"]
[WhiteElo "1791"]
[BlackElo "1543"]
[PlyCount "90"]
[EventDate "2025.11.14"]
[WhiteTeam "SD RADOVLJICA"]
[BlackTeam "SD KRKA NOVO MESTO"]

1. e4 c5 2. c3 Nc6 3. Nf3 d6 4. a4 a6 5. Bc4 Nf6 6. d3 Bg4 7. h3 Bh5 8. Qb3 Na5
9. Qa2 e6 10. g4 Bg6 11. Bg5 h6 12. Bh4 Be7 13. Nbd2 Nxc4 14. Qxc4 d5 15. Qb3
dxe4 16. dxe4 Nxe4 17. Bxe7 Qxe7 18. Nc4 Qc7 19. Nfe5 O-O 20. Rd1 Rad8 21. O-O
Ng5 22. h4 Nh3+ 23. Kh2 Nf4 24. Qb6 Qe7 25. Kg3 Nd5 26. Qb3 Qc7 27. f4 Bh7 28.
h5 f6 29. Ng6 Rfe8 30. a5 Bxg6 31. hxg6 Ne7 32. Qc2 f5 33. Ne5 fxg4 34. Kxg4
Nd5 35. Qe2 Qxa5 36. Kh4 Ne7 37. Kh3 Nf5 38. Nf7 Rxd1 39. Rxd1 Qc7 40. Ne5 Rd8
41. Qc4 Rxd1 42. Qxe6+ Kf8 43. Qxf5+ Ke8 44. Qe6+ Qe7 45. Qg8+ Qf8 1/2-1/2